[Event "British Rapidplay Championship 2023"]
[Site "Mercure Bradford, Bankfield Hotel"]
[Date "2023.04.15"]
[Round "3.28"]
[White "Ezzo, Talal"]
[Black "Weldon, James"]
[Result "1/2-1/2"]
[TimeControl "All moves in 15 minutes plus 10 second increment per move from move 1"]
[WhiteElo "1637"]
[BlackElo "1455"]

1. d4 {[%clk 00:15:18]} {[%emt 00:00:01]} e6 {[%clk 00:15:18]} {[%emt
00:00:03]} 2. Nc3 {[%clk 00:15:26]} {[%emt 00:00:04]} d5 {[%clk 00:15:26]} 3.
Bf4 {[%clk 00:15:33]} {[%emt 00:00:02]} a6 {[%clk 00:15:32]} {[%emt 00:00:04]}
4. e3 {[%clk 00:15:41]} {[%emt 00:00:03]} Nc6 {[%clk 00:15:11]} {[%emt
00:00:31]} 5. Nf3 {[%clk 00:15:46]} {[%emt 00:00:04]} Bd6 {[%emt 00:00:34]} 6.
Bg3 {[%clk 00:15:14]} {[%emt 00:00:39]} Bxg3 {[%clk 00:14:25]} {[%emt
00:00:36]} 7. hxg3 {[%clk 00:15:22]} {[%emt 00:00:01]} h6 {[%clk 00:14:33]}
{[%emt 00:00:03]} 8. Bd3 {[%clk 00:15:27]} {[%emt 00:00:04]} Nf6 {[%clk
00:14:34]} {[%emt 00:00:09]} 9. a3 {[%clk 00:15:25]} {[%emt 00:00:13]} Bd7
{[%clk 00:13:24]} {[%emt 00:01:19]} 10. Qe2 {[%clk 00:15:19]} {[%emt 00:00:16]}
Qe7 {[%clk 00:12:29]} {[%emt 00:01:06]} 11. Ne5 {[%clk 00:13:14]} {[%emt
00:02:15]} b5 {[%clk 00:09:57]} {[%emt 00:02:41]} 12. f4 {[%clk 00:13:09]}
{[%emt 00:00:15]} Nxe5 {[%clk 00:09:36]} {[%emt 00:00:31]} 13. fxe5 {[%clk
00:13:13]} {[%emt 00:00:07]} Ng8 {[%clk 00:09:41]} {[%emt 00:00:05]} 14. Qh5
{[%clk 00:12:07]} {[%emt 00:01:16]} O-O-O {[%clk 00:09:43]} {[%emt 00:00:08]}
15. Rf1 {[%clk 00:11:16]} {[%emt 00:01:00]} Be8 {[%clk 00:09:49]} {[%emt
00:00:04]} 16. Qf3 {[%clk 00:10:41]} {[%emt 00:00:45]} f6 {[%clk 00:09:34]}
{[%emt 00:00:25]} 17. exf6 {[%clk 00:09:57]} {[%emt 00:00:52]} Nxf6 {[%clk
00:09:41]} {[%emt 00:00:05]} 18. Qe2 {[%clk 00:09:52]} {[%emt 00:00:15]} Bh5
{[%clk 00:09:49]} {[%emt 00:00:02]} 19. Qd2 {[%clk 00:09:44]} {[%emt 00:00:18]}
Qd6 {[%clk 00:09:45]} {[%emt 00:00:14]} 20. Ne2 {[%clk 00:09:13]} {[%emt
00:00:41]} Bxe2 {[%clk 00:09:29]} {[%emt 00:00:27]} 21. Qxe2 {[%clk 00:09:16]}
{[%emt 00:00:07]} Qxg3+ {[%clk 00:09:36]} {[%emt 00:00:02]} 22. Kd1 {[%clk
00:08:15]} {[%emt 00:01:12]} Rhf8 {[%clk 00:09:34]} {[%emt 00:00:12]} 23. a4
{[%clk 00:08:16]} {[%emt 00:00:09]} c6 {[%clk 00:09:40]} {[%emt 00:00:03]} 24.
axb5 {[%clk 00:08:24]} {[%emt 00:00:02]} Ng4 {[%clk 00:09:33]} {[%emt
00:00:17]} 25. Kd2 {[%clk 00:06:46]} {[%emt 00:01:48]} Rxf1 {[%clk 00:09:13]}
{[%emt 00:00:29]} 26. Rxf1 {[%clk 00:06:49]} {[%emt 00:00:08]} axb5 {[%clk
00:09:21]} {[%emt 00:00:02]} 27. Rf3 {[%clk 00:06:40]} {[%emt 00:00:19]} Qd6
{[%clk 00:09:16]} {[%emt 00:00:16]} 28. Rf7 {[%clk 00:06:19]} {[%emt 00:00:31]}
h5 {[%clk 00:08:57]} {[%emt 00:00:28]} 29. Bg6 {[%clk 00:05:48]} {[%emt
00:00:41]} Rh8 {[%clk 00:07:46]} {[%emt 00:01:21]} 30. Kc1 {[%clk 00:04:26]}
{[%emt 00:01:32]} Qg3 {[%clk 00:07:10]} {[%emt 00:00:44]} 31. Rf3 {[%clk
00:04:25]} {[%emt 00:00:12]} Qh2 {[%clk 00:06:48]} {[%emt 00:00:32]} 32. b3
{[%clk 00:03:37]} {[%emt 00:00:59]} Nf6 {[%clk 00:06:24]} {[%emt 00:00:34]} 33.
Qd2 {[%clk 00:03:17]} {[%emt 00:00:29]} Qc7 {[%clk 00:05:39]} {[%emt 00:00:54]}
34. Qb4 {[%clk 00:02:36]} {[%emt 00:00:53]} Kd7 {[%clk 00:04:52]} {[%emt
00:00:57]} 35. Kb2 {[%clk 00:02:37]} {[%emt 00:00:09]} Ra8 {[%clk 00:04:39]}
{[%emt 00:00:22]} 36. Rh3 {[%clk 00:01:54]} {[%emt 00:00:53]} e5 {[%clk
00:04:33]} {[%emt 00:00:16]} 37. Bf5+ {[%clk 00:01:46]} {[%emt 00:00:18]} Ke8
{[%clk 00:04:25]} {[%emt 00:00:18]} 38. Bg6+ {[%clk 00:01:52]} {[%emt
00:00:04]} Kd7 {[%clk 00:04:28]} {[%emt 00:00:07]} 39. Bf5+ {[%clk 00:01:21]}
{[%emt 00:00:41]} Ke8 {[%clk 00:04:33]} {[%emt 00:00:05]} 40. Bg6+ {[%clk
00:01:17]} {[%emt 00:00:14]} Ng8 {[%emt 00:00:05]} 41. Rh1+ {[%clk 00:01:17]}
1/2-1/2

[Event "British Rapidplay Championship 2023"]
[Site "Mercure Bradford, Bankfield Hotel"]
[Date "2023.04.15"]
[Round "3.29"]
[White "Gorrell, Elinor"]
[Black "Mitchell, Ian"]
[Result "0-1"]
[TimeControl "All moves in 15 minutes plus 10 second increment per move from move 1"]
[WhiteElo "1348"]
[BlackElo "1628"]

1. d4 {[%clk 00:15:18]} {[%emt 00:00:01]} Nf6 {[%clk 00:15:16]} {[%emt
00:00:04]} 2. c4 {[%clk 00:15:26]} {[%emt 00:00:03]} d5 {[%clk 00:15:11]}
{[%emt 00:00:15]} 3. cxd5 {[%clk 00:15:33]} {[%emt 00:00:03]} Nxd5 {[%clk
00:15:13]} {[%emt 00:00:08]} 4. e4 {[%clk 00:15:41]} {[%emt 00:00:03]} Nb6
{[%clk 00:14:57]} {[%emt 00:00:26]} 5. Nc3 {[%clk 00:15:45]} {[%emt 00:00:06]}
e6 {[%clk 00:14:47]} {[%emt 00:00:20]} 6. Nf3 {[%clk 00:15:39]} {[%emt
00:00:16]} Bb4 {[%clk 00:14:37]} {[%emt 00:00:20]} 7. a3 {[%clk 00:15:35]}
{[%emt 00:00:14]} Bxc3+ {[%clk 00:14:43]} {[%emt 00:00:04]} 8. bxc3 {[%clk
00:15:43]} {[%emt 00:00:02]} Bd7 {[%clk 00:14:02]} {[%emt 00:00:50]} 9. Bd3
{[%clk 00:15:45]} {[%emt 00:00:08]} Ba4 {[%clk 00:13:45]} {[%emt 00:00:28]} 10.
Qe2 {[%clk 00:15:16]} {[%emt 00:00:38]} a6 {[%clk 00:13:26]} {[%emt 00:00:30]}
11. O-O {[%clk 00:15:11]} {[%emt 00:00:15]} N8d7 {[%clk 00:13:20]} {[%emt
00:00:16]} 12. Bf4 {[%clk 00:14:43]} {[%emt 00:00:37]} c5 {[%clk 00:12:35]}
{[%emt 00:00:55]} 13. Rab1 {[%clk 00:14:21]} {[%emt 00:00:33]} cxd4 {[%clk
00:12:10]} {[%emt 00:00:34]} 14. cxd4 {[%clk 00:14:27]} {[%emt 00:00:04]} O-O
{[%clk 00:11:12]} {[%emt 00:01:08]} 15. Rfc1 {[%clk 00:14:34]} {[%emt
00:00:04]} Rc8 {[%clk 00:10:45]} {[%emt 00:00:37]} 16. h3 {[%clk 00:13:59]}
{[%emt 00:00:45]} Rxc1+ {[%clk 00:10:40]} {[%emt 00:00:14]} 17. Rxc1 {[%clk
00:14:07]} {[%emt 00:00:03]} Nf6 {[%clk 00:10:20]} {[%emt 00:00:30]} 18. Bc7
{[%clk 00:13:56]} {[%emt 00:00:21]} Qc8 {[%clk 00:09:27]} {[%emt 00:01:03]} 19.
Qb2 {[%clk 00:13:41]} {[%emt 00:00:25]} Na8 {[%clk 00:08:36]} {[%emt 00:01:01]}
20. Bd6 {[%clk 00:13:38]} {[%emt 00:00:13]} Qd7 {[%clk 00:08:34]} {[%emt
00:00:11]} 21. Bxf8 {[%clk 00:13:44]} {[%emt 00:00:04]} Kxf8 {[%clk 00:08:41]}
{[%emt 00:00:03]} 22. Qb4+ {[%clk 00:13:42]} {[%emt 00:00:13]} Kg8 {[%clk
00:08:41]} {[%emt 00:00:09]} 23. Qxa4 {[%clk 00:13:49]} {[%emt 00:00:03]} Qxa4
{[%clk 00:08:46]} {[%emt 00:00:06]} 24. Rc8+ {[%clk 00:13:38]} {[%emt
00:00:21]} Ne8 {[%clk 00:08:36]} {[%emt 00:00:20]} 25. Rxa8 {[%clk 00:13:42]}
{[%emt 00:00:06]} Kf8 {[%clk 00:08:25]} {[%emt 00:00:20]} 26. Kh2 {[%clk
00:13:03]} {[%emt 00:00:49]} Qxa3 {[%clk 00:08:23]} {[%emt 00:00:13]} 27. Ng5
{[%clk 00:12:28]} {[%emt 00:00:45]} Qxd3 {[%clk 00:08:27]} {[%emt 00:00:06]} 28.
Nxh7+ {[%clk 00:12:02]} {[%emt 00:00:36]} Ke7 {[%clk 00:08:23]} {[%emt
00:00:13]} 29. Ra7 {[%clk 00:11:27]} {[%emt 00:00:45]} Qxe4 {[%clk 00:08:27]}
{[%emt 00:00:05]} 30. Ng5 {[%clk 00:11:08]} {[%emt 00:00:29]} Qf4+ {[%clk
00:08:32]} {[%emt 00:00:05]} 0-1

[Event "British Rapidplay Championship 2023"]
[Site "Mercure Bradford, Bankfield Hotel"]
[Date "2023.04.15"]
[Round "3.30"]
[White "Day, Paul G"]
[Black "Waite, Nicholas"]
[Result "1-0"]
[TimeControl "All moves in 15 minutes plus 10 second increment per move from move 1"]
[WhiteElo "1627"]
[BlackElo "1419"]

1. d4 {[%clk 00:15:19]} {[%emt 00:00:01]} c6 {[%clk 00:15:18]} {[%emt
00:00:03]} 2. c4 {[%clk 00:15:16]} {[%emt 00:00:12]} d5 {[%clk 00:15:21]}
{[%emt 00:00:07]} 3. Nc3 {[%clk 00:15:21]} {[%emt 00:00:05]} e6 {[%clk
00:15:09]} {[%emt 00:00:22]} 4. Bf4 {[%clk 00:15:15]} {[%emt 00:00:16]} Nf6
{[%clk 00:15:01]} {[%emt 00:00:18]} 5. e3 {[%clk 00:15:22]} {[%emt 00:00:03]}
Bd6 {[%clk 00:15:04]} {[%emt 00:00:07]} 6. cxd5 {[%clk 00:15:20]} {[%emt
00:00:12]} Bxf4 {[%clk 00:15:10]} {[%emt 00:00:04]} 7. exf4 {[%clk 00:15:27]}
{[%emt 00:00:02]} exd5 {[%clk 00:15:09]} {[%emt 00:00:12]} 8. Nf3 {[%clk
00:15:13]} {[%emt 00:00:24]} O-O {[%clk 00:15:16]} {[%emt 00:00:02]} 9. Bd3
{[%clk 00:15:18]} {[%emt 00:00:05]} Re8+ {[%clk 00:15:22]} {[%emt 00:00:04]} 10.
Ne5 {[%clk 00:15:23]} {[%emt 00:00:05]} Nbd7 {[%clk 00:15:24]} {[%emt
00:00:08]} 11. O-O {[%clk 00:15:28]} {[%emt 00:00:05]} Nxe5 {[%clk 00:15:08]}
{[%emt 00:00:27]} 12. fxe5 {[%clk 00:15:35]} {[%emt 00:00:02]} Ng4 {[%clk
00:14:46]} {[%emt 00:00:32]} 13. h3 {[%clk 00:15:28]} {[%emt 00:00:16]} Nh6
{[%clk 00:14:50]} {[%emt 00:00:06]} 14. f4 {[%clk 00:15:20]} {[%emt 00:00:18]}
Bf5 {[%clk 00:14:58]} {[%emt 00:00:03]} 15. g4 {[%clk 00:14:13]} {[%emt
00:01:16]} Bxd3 {[%clk 00:14:33]} {[%emt 00:00:36]} 16. Qxd3 {[%clk 00:14:21]}
{[%emt 00:00:02]} Qh4 {[%clk 00:14:21]} {[%emt 00:00:22]} 17. Rae1 {[%clk
00:14:23]} {[%emt 00:00:08]} f5 {[%clk 00:14:25]} {[%emt 00:00:06]} 18. g5
{[%clk 00:14:05]} {[%emt 00:00:28]} Nf7 {[%clk 00:14:25]} {[%emt 00:00:09]} 19.
Ne2 {[%clk 00:14:12]} {[%emt 00:00:03]} g6 {[%clk 00:14:18]} {[%emt 00:00:19]}
20. Qg3 {[%clk 00:14:20]} {[%emt 00:00:02]} Qxg3+ {[%clk 00:14:09]} {[%emt
00:00:18]} 21. Nxg3 {[%clk 00:14:28]} {[%emt 00:00:02]} Nd8 {[%clk 00:14:12]}
{[%emt 00:00:08]} 22. Re3 {[%clk 00:14:27]} {[%emt 00:00:10]} Ne6 {[%clk
00:14:19]} {[%emt 00:00:02]} 23. Ne2 {[%clk 00:14:33]} {[%emt 00:00:04]} Rac8
{[%clk 00:14:27]} {[%emt 00:00:03]} 24. Rb3 {[%clk 00:14:41]} {[%emt 00:00:02]}
b6 {[%clk 00:14:35]} {[%emt 00:00:02]} 25. Rc1 {[%clk 00:14:43]} {[%emt
00:00:08]} Rc7 {[%clk 00:14:43]} {[%emt 00:00:02]} 26. Rbc3 {[%clk 00:14:33]}
{[%emt 00:00:19]} Rec8 {[%clk 00:14:51]} {[%emt 00:00:03]} 27. a4 {[%clk
00:14:25]} {[%emt 00:00:18]} c5 {[%clk 00:14:59]} {[%emt 00:00:02]} 28. dxc5
{[%clk 00:14:31]} {[%emt 00:00:04]} Nxc5 {[%clk 00:15:07]} {[%emt 00:00:02]} 29.
a5 {[%clk 00:14:03]} {[%emt 00:00:38]} bxa5 {[%clk 00:14:31]} {[%emt 00:00:46]}
30. Nd4 {[%clk 00:13:42]} {[%emt 00:00:31]} a6 {[%clk 00:14:14]} {[%emt
00:00:27]} 31. Kf2 {[%clk 00:12:54]} {[%emt 00:00:57]} Kf7 {[%clk 00:14:21]}
{[%emt 00:00:02]} 32. Kf3 {[%clk 00:12:57]} {[%emt 00:00:09]} Ke7 {[%clk
00:14:22]} {[%emt 00:00:08]} 33. h4 {[%clk 00:12:56]} {[%emt 00:00:12]} Kd7
{[%clk 00:14:25]} {[%emt 00:00:07]} 34. h5 {[%clk 00:12:52]} {[%emt 00:00:14]}
Ne4 {[%clk 00:14:30]} {[%emt 00:00:05]} 35. Rxc7+ {[%clk 00:12:58]} {[%emt
00:00:04]} Rxc7 {[%clk 00:14:36]} 36. hxg6 {[%clk 00:12:40]} {[%emt 00:00:31]}
Rxc1 {[%clk 00:14:34]} {[%emt 00:00:12]} 37. g7 {[%clk 00:12:47]} {[%emt
00:00:03]} Rc8 {[%clk 00:13:37]} {[%emt 00:01:07]} 38. e6+ {[%clk 00:12:39]}
{[%emt 00:00:18]} Ke7 {[%clk 00:12:52]} {[%emt 00:00:55]} 39. Nxf5+ {[%clk
00:12:47]} {[%emt 00:00:02]} Kxe6 {[%clk 00:12:57]} {[%emt 00:00:06]} 40. Nh6
{[%clk 00:12:49]} {[%emt 00:00:07]} Nd2+ {[%clk 00:10:47]} {[%emt 00:02:20]} 41.
Ke2 {[%clk 00:12:49]} {[%emt 00:00:10]} Nc4 {[%clk 00:10:51]} {[%emt 00:00:06]}
42. f5+ {[%clk 00:12:21]} {[%emt 00:00:38]} Ke5 {[%clk 00:10:52]} {[%emt
00:00:08]} 43. b3 {[%clk 00:12:24]} {[%emt 00:00:07]} Nd6 {[%clk 00:10:58]}
{[%emt 00:00:05]} 44. f6 {[%clk 00:12:24]} {[%emt 00:00:10]} Nf5 {[%clk
00:11:02]} {[%emt 00:00:06]} 45. Nxf5 {[%clk 00:12:30]} {[%emt 00:00:04]} Kxf5
{[%clk 00:11:09]} {[%emt 00:00:02]} 46. f7 {[%clk 00:12:38]} {[%emt 00:00:03]}
1-0

[Event "British Rapidplay Championship 2023"]
[Site "Mercure Bradford, Bankfield Hotel"]
[Date "2023.04.15"]
[Round "3.31"]
[White "Parr, Thomas"]
[Black "McLean, Rory R"]
[Result "0-1"]
[TimeControl "All moves in 15 minutes plus 10 second increment per move from move 1"]
[WhiteElo "1324"]
[BlackElo "1626"]

1. d4 {[%clk 00:15:18]} {[%emt 00:00:02]} d5 {[%clk 00:15:18]} {[%emt
00:00:02]} 2. c4 {[%clk 00:15:26]} {[%emt 00:00:02]} e6 {[%clk 00:15:26]}
{[%emt 00:00:02]} 3. Nf3 {[%clk 00:15:33]} {[%emt 00:00:03]} Nf6 {[%clk
00:15:34]} {[%emt 00:00:02]} 4. g3 {[%clk 00:15:41]} {[%emt 00:00:02]} Be7
{[%clk 00:15:40]} {[%emt 00:00:04]} 5. Bg2 {[%clk 00:15:49]} {[%emt 00:00:02]}
dxc4 {[%clk 00:15:47]} {[%emt 00:00:02]} 6. O-O {[%clk 00:15:55]} {[%emt
00:00:04]} O-O {[%clk 00:15:51]} {[%emt 00:00:06]} 7. Qc2 {[%clk 00:16:02]}
{[%emt 00:00:03]} Nbd7 {[%clk 00:15:44]} {[%emt 00:00:17]} 8. Qxc4 {[%clk
00:15:52]} {[%emt 00:00:21]} Nb6 {[%clk 00:15:44]} {[%emt 00:00:11]} 9. Qc2
{[%clk 00:15:47]} {[%emt 00:00:15]} Bd7 {[%clk 00:15:36]} {[%emt 00:00:17]} 10.
Ne5 {[%clk 00:15:07]} {[%emt 00:00:50]} Rb8 {[%clk 00:15:30]} {[%emt 00:00:15]}
11. Nxd7 {[%clk 00:15:11]} {[%emt 00:00:07]} Qxd7 {[%clk 00:15:37]} {[%emt
00:00:03]} 12. e3 {[%clk 00:15:06]} {[%emt 00:00:15]} Rfc8 {[%clk 00:15:38]}
{[%emt 00:00:09]} 13. Nc3 {[%clk 00:14:34]} {[%emt 00:00:42]} c5 {[%clk
00:15:29]} {[%emt 00:00:18]} 14. dxc5 {[%clk 00:13:44]} {[%emt 00:01:02]} Rxc5
{[%clk 00:15:33]} {[%emt 00:00:05]} 15. Rd1 {[%clk 00:13:37]} {[%emt 00:00:17]}
Qc7 {[%clk 00:15:01]} {[%emt 00:00:41]} 16. Bd2 {[%clk 00:12:45]} {[%emt
00:01:03]} Nbd5 {[%clk 00:13:48]} {[%emt 00:01:22]} 17. a3 {[%clk 00:11:54]}
{[%emt 00:01:02]} b5 {[%clk 00:13:20]} {[%emt 00:00:38]} 18. Rac1 {[%clk
00:09:37]} {[%emt 00:02:27]} a5 {[%clk 00:11:40]} {[%emt 00:01:50]} 19. Nxd5
{[%clk 00:08:17]} {[%emt 00:01:30]} Nxd5 {[%clk 00:11:26]} {[%emt 00:00:24]} 20.
Qb1 {[%clk 00:08:15]} {[%emt 00:00:12]} Qa7 {[%clk 00:10:01]} {[%emt 00:01:34]}
21. Rxc5 {[%clk 00:07:54]} {[%emt 00:00:32]} Bxc5 {[%clk 00:09:44]} {[%emt
00:00:26]} 22. Rc1 {[%clk 00:07:52]} {[%emt 00:00:12]} Bb6 {[%clk 00:08:12]}
{[%emt 00:01:41]} 23. Qc2 {[%clk 00:07:01]} {[%emt 00:01:02]} h6 {[%clk
00:07:00]} {[%emt 00:01:23]} 24. Bxd5 {[%clk 00:04:51]} {[%emt 00:02:20]} exd5
{[%clk 00:07:07]} {[%emt 00:00:02]} 25. Qc6 {[%clk 00:04:58]} {[%emt 00:00:04]}
d4 {[%clk 00:06:25]} {[%emt 00:00:51]} 26. Qe4 {[%clk 00:03:10]} {[%emt
00:01:58]} Rd8 {[%clk 00:05:33]} {[%emt 00:01:01]} 27. exd4 {[%clk 00:02:56]}
{[%emt 00:00:25]} Bxd4 {[%clk 00:05:18]} {[%emt 00:00:26]} 28. Be3 {[%clk
00:01:54]} {[%emt 00:01:12]} Bxe3 {[%clk 00:05:24]} {[%emt 00:00:03]} 29. fxe3
{[%clk 00:01:58]} {[%emt 00:00:06]} Qd7 {[%clk 00:05:04]} {[%emt 00:00:27]} 30.
Qc2 {[%clk 00:01:15]} {[%emt 00:00:57]} Re8 {[%clk 00:04:48]} {[%emt 00:00:25]}
31. Kf2 {[%clk 00:00:48]} {[%emt 00:00:38]} Qh3 {[%clk 00:04:35]} {[%emt
00:00:22]} 32. Kf3 {[%clk 00:00:39]} {[%emt 00:00:20]} Qh5+ {[%clk 00:04:26]}
{[%emt 00:00:18]} 33. Kg2 {[%clk 00:00:34]} {[%emt 00:00:15]} Rxe3 {[%clk
00:03:32]} {[%emt 00:01:05]} 34. Qc8+ {[%clk 00:00:25]} {[%emt 00:00:19]} Kh7
{[%clk 00:03:41]} {[%emt 00:00:01]} 35. Qc2+ {[%clk 00:00:32]} {[%emt
00:00:03]} g6 {[%clk 00:03:24]} {[%emt 00:00:26]} 36. Qd1 {[%clk 00:00:16]}
{[%emt 00:00:27]} Qxd1 {[%clk 00:03:12]} {[%emt 00:00:22]} 37. Rxd1 {[%clk
00:00:24]} {[%emt 00:00:02]} Re2+ {[%clk 00:03:17]} {[%emt 00:00:05]} 38. Kf3
{[%clk 00:00:33]} {[%emt 00:00:02]} Rxb2 {[%clk 00:03:23]} {[%emt 00:00:03]} 39.
Rd7 {[%clk 00:00:41]} {[%emt 00:00:02]} Kg7 {[%clk 00:03:31]} {[%emt 00:00:01]}
40. Ra7 {[%clk 00:00:49]} {[%emt 00:00:03]} Rb3+ {[%clk 00:03:36]} {[%emt
00:00:05]} 41. Ke2 {[%clk 00:00:57]} {[%emt 00:00:02]} Rxa3 {[%clk 00:03:44]}
{[%emt 00:00:02]} 42. Kf1 {[%clk 00:01:02]} {[%emt 00:00:05]} Ra2 {[%clk
00:03:51]} {[%emt 00:00:02]} 43. Rxa5 {[%clk 00:01:08]} {[%emt 00:00:05]} Rxa5
{[%clk 00:04:00]} {[%emt 00:00:02]} 0-1

[Event "British Rapidplay Championship 2023"]
[Site "Mercure Bradford, Bankfield Hotel"]
[Date "2023.04.15"]
[Round "3.32"]
[White "Singh, Adamjeet"]
[Black "Barton, Ben"]
[Result "0-1"]
[TimeControl "All moves in 15 minutes plus 10 second increment per move from move 1"]
[WhiteElo "1213"]
[BlackElo "1577"]

1. d4 {[%clk 00:15:14]} {[%emt 00:00:05]} d5 {[%clk 00:15:19]} {[%emt
00:00:02]} 2. c4 {[%clk 00:15:22]} {[%emt 00:00:02]} e5 {[%clk 00:15:25]}
{[%emt 00:00:04]} 3. dxe5 {[%clk 00:15:27]} {[%emt 00:00:04]} d4 {[%clk
00:15:33]} {[%emt 00:00:02]} 4. Nf3 {[%clk 00:15:33]} {[%emt 00:00:03]} Nc6
{[%clk 00:15:35]} {[%emt 00:00:10]} 5. Bf4 {[%clk 00:15:28]} {[%emt 00:00:14]}
Nge7 {[%clk 00:15:05]} {[%emt 00:00:40]} 6. e3 {[%clk 00:15:32]} {[%emt
00:00:06]} Ng6 {[%clk 00:15:12]} {[%emt 00:00:03]} 7. Bg5 {[%clk 00:15:16]}
{[%emt 00:00:26]} f6 {[%clk 00:14:54]} {[%emt 00:00:28]} 8. exf6 {[%clk
00:15:13]} {[%emt 00:00:13]} gxf6 {[%clk 00:15:01]} {[%emt 00:00:03]} 9. Bf4
{[%clk 00:15:00]} {[%emt 00:00:23]} Bb4+ {[%clk 00:15:06]} {[%emt 00:00:05]} 10.
Nbd2 {[%clk 00:15:02]} {[%emt 00:00:07]} Nxf4 {[%clk 00:14:54]} {[%emt
00:00:23]} 11. exf4 {[%clk 00:15:08]} {[%emt 00:00:04]} O-O {[%clk 00:14:49]}
{[%emt 00:00:15]} 12. Be2 {[%clk 00:15:05]} {[%emt 00:00:13]} d3 {[%clk
00:14:08]} {[%emt 00:00:51]} 13. O-O {[%clk 00:14:54]} {[%emt 00:00:21]} dxe2
{[%clk 00:13:45]} {[%emt 00:00:33]} 14. Qxe2 {[%clk 00:14:51]} {[%emt
00:01:13]} Bg4 {[%clk 00:13:36]} {[%emt 00:00:19]} 15. Nb3 {[%clk 00:14:06]}
{[%emt 00:00:56]} Re8 {[%clk 00:13:15]} {[%emt 00:00:31]} 16. Qd1 {[%clk
00:13:56]} {[%emt 00:00:19]} Qxd1 {[%clk 00:13:22]} {[%emt 00:00:03]} 17. Raxd1
{[%clk 00:13:58]} {[%emt 00:00:07]} Bxf3 {[%clk 00:13:16]} {[%emt 00:00:17]} 18.
gxf3 {[%clk 00:14:04]} {[%emt 00:00:03]} Bd6 {[%clk 00:13:03]} {[%emt
00:00:25]} 19. Kh1 {[%clk 00:14:02]} {[%emt 00:00:11]} Kf7 {[%clk 00:12:27]}
{[%emt 00:00:45]} 20. c5 {[%clk 00:13:55]} {[%emt 00:00:18]} Bxf4 {[%clk
00:12:23]} {[%emt 00:00:14]} 21. Rd7+ {[%clk 00:14:00]} {[%emt 00:00:05]} Re7
{[%clk 00:12:23]} {[%emt 00:00:11]} 22. Rfd1 {[%clk 00:13:50]} {[%emt
00:00:20]} Rae8 {[%clk 00:11:53]} {[%emt 00:00:39]} 23. Kg2 {[%clk 00:13:39]}
{[%emt 00:00:21]} Rxd7 {[%clk 00:11:54]} {[%emt 00:00:10]} 24. Rxd7+ {[%clk
00:13:43]} {[%emt 00:00:04]} Re7 {[%clk 00:11:54]} {[%emt 00:00:12]} 25. Rxe7+
{[%clk 00:13:37]} {[%emt 00:00:15]} Kxe7 {[%clk 00:11:54]} {[%emt 00:00:10]} 26.
h3 {[%clk 00:13:44]} {[%emt 00:00:04]} Be5 {[%clk 00:11:47]} {[%emt 00:00:16]}
27. Kf1 {[%clk 00:13:45]} {[%emt 00:00:10]} Bxb2 {[%clk 00:11:44]} {[%emt
00:00:13]} 28. Ke2 {[%clk 00:13:52]} {[%emt 00:00:02]} Nd4+ {[%clk 00:11:36]}
{[%emt 00:00:19]} 29. Nxd4 {[%clk 00:13:59]} {[%emt 00:00:01]} Bxd4 {[%clk
00:11:24]} {[%emt 00:00:23]} 30. c6 {[%clk 00:14:02]} {[%emt 00:00:08]} bxc6
{[%clk 00:11:25]} {[%emt 00:00:09]} 31. f4 {[%clk 00:13:56]} {[%emt 00:00:15]}
Bc5 {[%clk 00:11:19]} {[%emt 00:00:16]} 32. Kd3 {[%clk 00:13:57]} {[%emt
00:00:09]} Ke6 {[%clk 00:11:26]} {[%emt 00:00:04]} 33. Ke4 {[%clk 00:14:04]}
{[%emt 00:00:02]} f5+ {[%clk 00:11:34]} {[%emt 00:00:02]} 34. Kf3 {[%clk
00:14:12]} {[%emt 00:00:03]} h5 {[%clk 00:11:39]} {[%emt 00:00:04]} 35. Ke2
{[%clk 00:14:20]} {[%emt 00:00:03]} Kd5 {[%clk 00:11:44]} {[%emt 00:00:05]} 36.
f3 {[%clk 00:14:25]} {[%emt 00:00:04]} Kc4 {[%clk 00:11:49]} {[%emt 00:00:06]}
37. Kd2 {[%clk 00:14:27]} {[%emt 00:00:08]} Kb4 {[%clk 00:11:56]} {[%emt
00:00:03]} 38. Kc2 {[%clk 00:14:33]} {[%emt 00:00:03]} Ka3 {[%clk 00:12:01]}
{[%emt 00:00:05]} 39. Kb1 {[%clk 00:14:41]} {[%emt 00:00:02]} Bd4 {[%clk
00:12:09]} {[%emt 00:00:03]} 40. h4 {[%clk 00:14:42]} {[%emt 00:00:08]} Bb2
{[%clk 00:12:17]} {[%emt 00:00:02]} 41. Kc2 {[%clk 00:14:42]} {[%emt 00:00:10]}
Kxa2 {[%clk 00:12:24]} {[%emt 00:00:03]} 42. Kd3 {[%clk 00:14:48]} {[%emt
00:00:04]} Kb3 {[%clk 00:12:31]} {[%emt 00:00:03]} 43. Kd2 {[%clk 00:14:54]}
{[%emt 00:00:04]} a5 {[%clk 00:12:40]} {[%emt 00:00:02]} 44. Kd3 {[%clk
00:15:02]} {[%emt 00:00:02]} a4 {[%clk 00:12:48]} {[%emt 00:00:02]} 45. Kd2
{[%clk 00:15:07]} {[%emt 00:00:04]} a3 {[%clk 00:12:56]} {[%emt 00:00:02]} 46.
Kd3 {[%clk 00:15:15]} {[%emt 00:00:03]} a2 {[%clk 00:13:04]} {[%emt 00:00:02]}
47. Kd2 {[%clk 00:15:23]} {[%emt 00:00:02]} a1=Q {[%emt 00:00:12]} 48. Kd3
{[%clk 00:15:10]} 0-1